| 000 | 00469nam a2200193Ia 4500 | ||
|---|---|---|---|
| 003 | GCL | ||
| 008 | 140319s9999 xx 000 0 eng d | ||
| 040 |
_aGCL / _cGCL |
||
| 082 | 0 | 4 |
_a782.110945 _bK I |
| 100 | 1 | _aKIMBELL, DAVID | |
| 245 | 1 | 0 |
_aITALIAN OPERA / _cKIMBELL, DAVID |
| 260 |
_a[S.N] : _bCAMBRIBGE UNIVERSITY PRESS ، _c1990 |
||
| 300 | _a684 PP | ||
| 650 | 0 | 4 | _aOPERA |
| 650 | 0 | 4 | _aARTS |
| 650 | 0 | 4 | _aMUSIC |
| 650 | 0 | 4 | _aOPERA - ITALY |
| 942 |
_2ddc _cBK |
||
| 999 |
_c19088 _d19088 |
||